<?xml version="1.0" encoding="UTF-8"?>
<record
    xmlns:xsi="http://www.w3.org/2001/XMLSchema-instance"
    xsi:schemaLocation="http://www.loc.gov/MARC21/slim http://www.loc.gov/standards/marcxml/schema/MARC21slim.xsd"
    xmlns="http://www.loc.gov/MARC21/slim">

  <leader>02064nam a2200289Ia 4500</leader>
  <controlfield tag="001">H3032</controlfield>
  <controlfield tag="003">IT-RoPAU</controlfield>
  <controlfield tag="008">130308s9999    xx            000 0 und d</controlfield>
  <datafield tag="040" ind1=" " ind2=" ">
    <subfield code="a">IT-RoPAU</subfield>
  </datafield>
  <datafield tag="040" ind1=" " ind2=" ">
    <subfield code="c">IT-RoPAU</subfield>
  </datafield>
  <datafield tag="041" ind1=" " ind2=" ">
    <subfield code="a">ITALIANO</subfield>
  </datafield>
  <datafield tag="100" ind1=" " ind2=" ">
    <subfield code="a">Pitassio Francesco</subfield>
  </datafield>
  <datafield tag="100" ind1=" " ind2=" ">
    <subfield code="g">Codice Aut. SPICS: 48208</subfield>
  </datafield>
  <datafield tag="245" ind1=" " ind2=" ">
    <subfield code="a">Attore/Divo</subfield>
  </datafield>
  <datafield tag="245" ind1=" " ind2=" ">
    <subfield code="b">Attore/Divo</subfield>
  </datafield>
  <datafield tag="250" ind1=" " ind2=" ">
    <subfield code="a">1a ed.</subfield>
  </datafield>
  <datafield tag="260" ind1=" " ind2=" ">
    <subfield code="a">MILANO</subfield>
  </datafield>
  <datafield tag="260" ind1=" " ind2=" ">
    <subfield code="b">Il Castoro</subfield>
  </datafield>
  <datafield tag="260" ind1=" " ind2=" ">
    <subfield code="c">2003 [1&#xB0; Ed.:2003 - Ed.Ling.Originale:2003]</subfield>
  </datafield>
  <datafield tag="300" ind1=" " ind2=" ">
    <subfield code="a">"176 p. (prefazione: no ; testo: 176 [pagine: 0-0])"</subfield>
  </datafield>
  <datafield tag="500" ind1=" " ind2=" ">
    <subfield code="a">"Il Tema dell'attore Cinematografico &#xE8; Stato a lungo Trascurato. nascosto Dall'Ombra del regista e Dai Procedimenti tecnici ed Estetici del Cinema, Confuso con L'Ingombrante fenomeno Divistico. l'autore parte da un Assunto: I Discorsi Sulla Star e l'attore Non Coincidono, Implicano Parametri e Oggetti Differenti. Il Predominio della Narrazione e del Montaggio, L'Assetto Industriale del Cinema Sono Stati Determinanti nella Definizione del Divo. Tuttavia, l'attore continua a Esistere e rappresenta Anzi una delle Componenti Fondamentali del Film. rappresentazione dell'Uomo: l'attore nell'epoca della Riproducibilit&#xE0; Tecnica: Indice, Icona, Traducibilita'; Visibilit&#xE0; Erivelazione; Individuo, Tipo, Classe; presenza e Assenza; Movimento. Racconto e Spettacolo: Ideologia Naturale:Il Personaggio; Modi di Rappresentazione; Intenzione, Gesto, Frammento. Codice ed Espressione: Natura e Cultura; Lingua e Parola. Teorie: teorie dell'Attore: Fasi, Modelli Derivati, Modelli Originali, Storia e Teoria. teorie del Divismo: Santi Non Lo si &#xE8; Solo Dopo; l'uomo Straordinario e Ordinario del Cinema; I Segni delle Stelle; Identit&#xE0; e Cultura. Riscontri: Fotogenia di L. Delluc; Genialit&#xE0; nella recitazione Cinematografica di W. Haas; al Cinema Esiste una maschera D'Attore? di W. Haas; Costruzione delle immagini Popolari di T. Harris. Bibliografia."</subfield>
  </datafield>
  <datafield tag="650" ind1=" " ind2=" ">
    <subfield code="a">TEORICHE CINEMATOGRAFICHE</subfield>
  </datafield>
  <datafield tag="650" ind1=" " ind2=" ">
    <subfield code="e">Codice materia Spics: 6805</subfield>
  </datafield>
  <datafield tag="942" ind1=" " ind2=" ">
    <subfield code="c">BK</subfield>
  </datafield>
  <datafield tag="957" ind1=" " ind2=" ">
    <subfield code="7">1</subfield>
  </datafield>
  <datafield tag="999" ind1=" " ind2=" ">
    <subfield code="c">92833</subfield>
    <subfield code="d">92833</subfield>
  </datafield>
  <datafield tag="999" ind1=" " ind2=" ">
    <subfield code="g">1</subfield>
  </datafield>
  <datafield tag="952" ind1=" " ind2=" ">
    <subfield code="0">0</subfield>
    <subfield code="1">0</subfield>
    <subfield code="4">0</subfield>
    <subfield code="6">H_000000000000000_3032</subfield>
    <subfield code="7">1</subfield>
    <subfield code="a">SPICS</subfield>
    <subfield code="b">SPICS</subfield>
    <subfield code="d">2013-03-08</subfield>
    <subfield code="l">0</subfield>
    <subfield code="o">H3032</subfield>
    <subfield code="r">2013-03-08 00:00:00</subfield>
    <subfield code="w">2013-03-08</subfield>
    <subfield code="y">BK</subfield>
    <subfield code="z">Progressivo inserimento:  33439 /  N. Volumi: 1 Copie: 1  / data import: 1 marzo 2013 - By Epidotti, Trombetti, Vaglietti. </subfield>
  </datafield>
</record>
